Les dix secteurs d'activités comportant le plus de milliardaires - Statistiques

Statistiques générales
  • Ce quiz a été pris 123 fois
  • Le résultat moyen est 3 sur 10
Statistiques - réponses
Hint Extra Hint Explanation Réponse % Correct
4 Bernard Arnault 9 % du classement Mode et vente au détail
72%
1 Warren Buffet 15 % du classement Finance et investissement
59%
9 Michael Bloomberg 4 % du classement Médias et divertissement
29%
3 Jeff Bezos 12 % du classement Technologies
29%
10 Fan Hongwei 4 % du classement Energie
19%
7 Lee Shau Kee 7 % du classement Immobilier
19%
2 He Xiangjian 13 % du classement Manufacture
18%
6 Zhong Shanshan 8 % du classement Alimentation et Boissons
16%
8 Mukesh Ambani 7 % du classement Divers
16%
5 Cyrus Poonawalla 8 % du classement Santé
16%
Aucun quiz correspondant
Distribution des résultats
% des personnes avec chaque résultat
Percentile par nombre de réponses
Votre historique - résultats
Vous n’avez pas pris ce quiz